000 00428nam a22001337a 4500
008 160428b xxu||||| |||| 00| 0 eng d
050 _aBV5080.T54N427
100 _aNelson, John
_924193
245 _aThe Little way of Saint Therese of Lisieux
_c/John Nelson
260 _aLiguori
_bLiguori Publications
_c1998
300 _axv,143p. ;
_c20cm.
600 _aTherese of Lisieux,St
_cThe Little way
_924194
942 _2lcc
_cMONOGRAPH
999 _c124745
_d124745